000 00984nam a2200277 i 4500
003 EG-GICUC
005 20260412122517.0
008 260412r1986 sz ||||fr|||| 000 0 eng d
040 _aEG-GiCUC
_bfre
_cEG-GiCUC
_dEG-GiCUC
_erda
082 0 4 _221
_a341.65
_bCO . R
092 0 4 _221
099 _aLaw1 11 341.65 CO . R 1986
110 _aRevue internationale de la Croix-Rouge
_eAuteur
245 1 0 _aRésolutions de la Conférence internationale et du Conseil des Délégués/
_cRevue internationale de la Croix-Rouge.
264 _aGenéve:
_bRevue internationale de la Croix-Rouge ,
_c1986.
300 _a63 Pages;
_c24 cm.
336 _2rda content
_atext
337 _2rda media
_aComputer
338 _2rda carrier
_aOnline Resource
546 _aTexte en français
650 1 _aDroit International Public
650 1 _aComité iInternational de la Croix-Rouge
856 4 0 _uhttps://fll.law.cu.edu.eg/fulltext/bks/B11-09719.pdf
905 _a59
942 _2ddc
_cBK
_e21
_n0
999 _c70199
_d70199